000 00611nam a2200193Ii 4500
003 JO-AjNU
008 230605s9999||||xx |||||||||||||| ||und||
040 _aJO-AjNU
_bara
_erda
_cJO-AjNU
041 _aara
050 1 4 _aPJ7838 1968
100 3 _aتأليف سرحان، باسم,
_eauthor
_937274
245 0 0 _aوجهان عاريان ((رواية))
264 3 1 _aبيروت:المكتبة العصرية،1968
300 _a224ص
336 _atext
_btxt
_2rdacontent
337 _aunmediated
_bn
_2rdamedia
338 _avolume
_bnc
_2rdacarrier
650 4 _aالأدب العربي - روايات
_937275
999 _aA15560
_c19128
_d19128